| 000 | 00550nam a2200193Ia 4500 | ||
|---|---|---|---|
| 005 | 20250508150934.0 | ||
| 008 | 008 250505s9999 xx 000 0 eng d | ||
| 037 | _aTextual | ||
| 040 |
_aFEDL _beng _cFEDL |
||
| 041 |
_aeng _2eng |
||
| 084 |
_a414, DUS _qFEDL |
||
| 100 |
_aDumville Benjamin _9756521 |
||
| 245 | 0 | _aScience of speech: An elementary manual of English phonetics for teachers | |
| 250 | _a2 | ||
| 260 |
_aLondon, UK _bW B Clive _c1926 |
||
| 300 | _axii,199p | ||
| 942 |
_cTEXL _h414, DUS |
||
| 999 |
_c1326611 _d1326611 |
||